[Event "Kalyan op 2nd"]
[Site "Kalyan"]
[Date "2019.01.30"]
[Round "2"]
[White "Lasani, H Kothari"]
[Black "Kulkarni, Vikramaditya"]
[Result "0-1"]
[WhiteElo "1311"]
[BlackElo "2345"]
[PlyCount "38"]
[EventDate "2019.01.29"]
[EventType "swiss"]
[EventRounds "10"]
[EventCountry "IND"]
[SourceTitle "CBM 188 Extra"]
[Source "ChessBase"]
[SourceDate "2019.02.26"]
[SourceVersion "1"]
[SourceVersionDate "2019.02.26"]
[SourceQuality "1"]

1. e4 e6 2. d4 d5 3. e5 c5 4. c3 Qb6 5. Nf3 Nc6 6. a3 f6 7. exf6 Nxf6 8. b4 cxd4 9. cxd4 Bd6 10. Bb2 0-0 11. Bd3 e5 12. dxe5 Ng4 13. 0-0 Ncxe5 14. Be2 Nxf3+ 15. Bxf3 Bxh2+ 16. Kh1 Qh6 17. Bxg4 Be5+ 18. Bh3 Bxh3 19. Kg1 Bxg2 0-1

[Event "Mumbai Wealth rating op 4th"]
[Site "Mumbai"]
[Date "2018.12.30"]
[Round "1"]
[White "Lasani, H Kothari"]
[Black "Samrat, Ghorai"]
[Result "0-1"]
[WhiteElo "1311"]
[BlackElo "1984"]
[PlyCount "76"]
[EventDate "2018.12.30"]
[EventType "swiss"]
[EventRounds "9"]
[EventCountry "IND"]
[SourceTitle "CBM 188 Extra"]
[Source "ChessBase"]
[SourceDate "2019.02.26"]
[SourceVersion "1"]
[SourceVersionDate "2019.02.26"]
[SourceQuality "1"]

1. e4 c5 2. Nf3 e6 3. d4 cxd4 4. Nxd4 a6 5. Nc3 Qc7 6. Bd3 Nf6 7. Bg5 Be7 8. Qd2 b5 9. a3 Bb7 10. f3 h6 11. Bh4 Nxe4 12. Nxe4 Bxh4+ 13. g3 Be7 14. 0-0-0 f5 15. Nc3 Bg5 16. f4 Bf6 17. Be2 Bxh1 18. Bh5+ Kf8 19. Rxh1 Nc6 20. Nxc6 Qxc6 21. Rd1 Ke7 22. Qe3 Rac8 23. Bf3 Qc5 24. Qxc5+ Rxc5 25. Ne2 a5 26. Kb1 b4 27. axb4 axb4 28. Bg2 g5 29. Rd3 g4 30. h3 gxh3 31. Bxh3 h5 32. Nc1 h4 33. Nb3 Rc4 34. Nd2 Rd4 35. Rxd4 Bxd4 36. Nf3 hxg3 37. Bg2 Be3 38. Ne5 Rh2 0-1